Návrh modelu virtuálneho výučbového prostredia pre učiteľov biológie

Virtuálne výučbové prostredie ako nástroj na zlepšenie kvality výučby, definíciou, popisom, obsahom a funkciami. Využitie virtuálneho výučbového prostredia pre predmety prírodoveda a biológia, ako nástroja na počítačom podporované vzdelávanie. Virtuálne výučbové prostredie a systém manažovania obsah...

Descripción completa

Guardado en:
Detalles Bibliográficos
Autor principal: Stollár, Tomáš
Otros Autores: Žitný, Rastislav
Formato: Capítulo de libro
Lenguaje:eslovaco
Materias:
Etiquetas: Agregar Etiqueta
Sin Etiquetas, Sea el primero en etiquetar este registro!

MARC

LEADER 00000naa$a2200000$$$4500
001 0028937
005 20231010123520.3
041 0 |a slo 
044 |a SK 
245 1 0 |a Návrh modelu virtuálneho výučbového prostredia pre učiteľov biológie  |c Tomáš Stolár, Rastislav Žitný 
520 |a Virtuálne výučbové prostredie ako nástroj na zlepšenie kvality výučby, definíciou, popisom, obsahom a funkciami. Využitie virtuálneho výučbového prostredia pre predmety prírodoveda a biológia, ako nástroja na počítačom podporované vzdelávanie. Virtuálne výučbové prostredie a systém manažovania obsahu výučby. 
610 2 0 |a vyučovanie 
610 2 0 |a výučba vedecká 
610 2 0 |a realita virtuálna 
610 2 0 |a učitelia 
610 2 0 |a príprava odborná 
610 2 0 |a pedagogika 
610 2 0 |a predmety učebné 
610 2 0 |a biológia 
100 1 |a Stollár, Tomáš 
700 1 |a Žitný, Rastislav